000 00441nam a2200181Ia 4500
001 14477
005 20260306164917.0
008 260306t1991||||xx |||||||||||||| ||spa||
041 _aESP
082 _a515.1
_bL65
100 _aLinés Escardo, Enrique
_eAUT
245 0 _aPrincipios de análisis matemático
260 _c1991
300 _axiv, 699 páginas :
_c21 cm.
650 _aGEN
654 _aCMA
942 _cLIB
_dJUS
_fJUS
_2ddc
_n
999 _c14477
_d14477